000 00293nam a2200133Ia 4500
008 230312s9999||||xx |||||||||||||| ||und||
082 _a612
_bTYL-P
100 _aTyler,Varro.E
245 0 _aPharmacognosy
300 _a520
546 _aEng.
650 _aPharmacy
_vPharmacognosy
942 _cBK
999 _c3657
_d3657